| 000 | 00734cam a2200265 4500 | ||
|---|---|---|---|
| 001 | 15886 | ||
| 003 | BD-RjUL | ||
| 005 | 20211208235914.0 | ||
| 008 | 140211s1972 enkak 001 0 eng | ||
| 020 | _a0716101467 | ||
| 035 | _a(BD-RjUL)15941 | ||
| 040 |
_aDLC _cDLC _dBD-RjUL _beng |
||
| 041 | _aeng | ||
| 082 | 0 | 0 |
_a658.564 _bBRP 1972 |
| 100 | 1 |
_aBriston, J. H. _q(John Herbert) _949259 |
|
| 245 | 1 | 0 |
_aPackaging management / _cby J. H. Briston . |
| 260 |
_aEpping, _bGower Press, _c1972. |
||
| 300 |
_ax, 254 p. : _billus., forms. ; _c23 cm. |
||
| 350 | _a£5.50 | ||
| 650 | 0 |
_aPackaging. _949260 |
|
| 700 | 1 |
_aNeill, Terence J., _ejoint author. _949261 |
|
| 942 |
_2ddc _cBK |
||
| 999 |
_c15886 _d15886 |
||